Slammerkin /

Đã lưu trong:
Chi tiết về thư mục
Tác giả chính: Donoghue, Emma (Tác giả)
Định dạng: Sách
Ngôn ngữ:Tiếng Anh
Được phát hành: San Diego : Harvest, 2002
Các nhãn: Thêm thẻ
Không có thẻ, Là người đầu tiên thẻ bản ghi này!

MARC

LEADER 00000nam a22000007i 4500
001 IT\ICCU\UBO\2688661
003 ItRI
005 20260115231813.0
008 050330s2002 xxu|||||| ||||| |||||c
020 |a 0151006725 
020 |a 0156007479 (pbk) 
040 |b ita  |c importazione bologna sebina 
041 7 |a eng  |2 ISO-639-2 
100 1 |a Donoghue, Emma  |0 IT\ICCU\UBOV\105594  |4 aut 
245 1 0 |a Slammerkin /  |c Emma Donoghue. 
260 |a San Diego :  |b Harvest,  |c 2002 
300 |a 390 p. ;  |c 21 cm. 
942 |2 ddc  |c BK  |n 0 
952 |0 0  |1 0  |4 0  |6 L_823_920000000000000_DON  |7 0  |9 13020  |a BO  |b BO  |d 2026-01-15  |i 8660  |l 0  |o L 823.92 DON  |p BO8660  |r 2026-01-15 23:18:14  |w 2026-01-15  |x [Sebina 5] [1 v.]  |y BK  |z 1 v. 
999 |c 11152  |d 11152